000 00966nam a2200289 i 4500
003 EG-GICUC
005 20260204130513.0
008 260204s1972 be ||||fr ||| 00| 0 fre d
040 _aEG-GICUC
_cEG-GICUC
_dEG-GICUC
_erda
_bfre
041 0 _afre
082 0 4 _221
_a341.81
_bIN . N
092 0 4 _221
099 _aLaw1 12 341.81 IN . N 1972
110 _aInstitut De Sociologie Centere De Sociologie DeLa Guerre
_eAuteur
245 _aLe Nationalisme Facteur Belligene /
_cInstitut De Sociologie Centre De Sociologie DeLa Guerre .
264 0 _aBruxelles :
_bEtablissements Emile Brulant ,
_c1972 .
300 _a387 Pages;
_c30 cm.
336 _atext
_2rda content
337 _aComputer
_2rda media
338 _aOnline Resource
_2rda carrier
546 _aTexte en français
650 0 4 _aDroit international privé
650 0 4 _aNationalité
856 _uhttps://fll.law.cu.edu.eg/fulltext/th/B12-02278.pdf
905 _a59
942 _2ddc
_cBK
_e21
_n0
999 _c60900
_d60900